All New York City Neighborhoods - Statistics

General Stats
  • This quiz has been taken 1,210 times
  • The average score is 19 of 71
Answer Stats
# Neighborhood Population % Correct
12 Harlem 116,345
86%
11 Upper East Side 124,231
74%
2 Upper West Side 214,744
74%
51 SoHo 19,573
72%
29 Chinatown 47,844
60%
23 Lower East Side 72,957
60%
32 Hell's Kitchen 45,884
58%
18 Midtown 104,753
58%
62 Downtown Brooklyn 7,053
53%
41 Greenwich Village 30,591
52%
52 TriBeCa 17,362
51%
42 Little Italy 28,709
50%
22 Williamsburg 78,700
48%
31 Chelsea 47,325
47%
5 Flushing 180,607
42%
4 Washington Heights 201,590
42%
19 Astoria 95,446
41%
25 East Village 63,347
40%
67 NoHo 2,809
40%
46 Coney Island 24,711
38%
7 Jamaica 147,527
38%
40 West Village 30,738
35%
69 Central Park 2,162
33%
53 Theatre District 16,825
32%
6 Bedford-Stuyvesant 157,530
30%
30 Long Island City 47,781
28%
71 DUMBO 1,139
27%
24 Park Slope 67,645
27%
13 East Harlem 115,921
26%
64 Nolita 6,374
25%
17 Flatbush 105,804
24%
38 Brighton Beach 35,547
23%
26 Inwood 58,946
23%
37 Meatpacking District 36,783
23%
9 Bushwick 129,239
22%
50 Brooklyn Heights 20,256
21%
39 Greenpoint 34,719
20%
70 Koreatown 1,737
20%
21 Bay Ridge 79,371
19%
8 Crown Heights 143,000
19%
16 Jackson Heights 108,152
19%
3 South Bronx 212,530
19%
58 Murray Hill 10,864
18%
15 Corona 109,695
16%
1 Lower Manhattan 382,654
16%
36 Red Hook 37,845
16%
57 Roosevelt Island 11,661
15%
20 Forest Hills 83,728
14%
10 Sunset Park 126,000
13%
28 Sunnyside 50,150
12%
33 Fordham 43,394
11%
44 Gramercy Park 27,988
11%
47 Union Square 23,560
11%
63 Flatiron District 6,458
10%
59 Battery Park City 9,252
9%
43 Fort Greene 28,335
9%
55 Carroll Gardens 12,853
7%
45 Clinton Hill 26,992
7%
48 Gowanus 23,114
7%
65 City Island 4,434
5%
60 St. George 8,662
5%
14 The Rockaways 114,961
5%
35 Belmont 39,567
4%
56 Boerum Hill 11,989
4%
34 Woodlawn 42,483
4%
66 Governors Island 3,028
3%
68 Tompkinsville 2,737
3%
49 Midland Beach 21,456
1%
61 South Beach 8,575
1%
54 Randall Manor 15,448
0%
27 Richmond Town 53,142
0%
No matching quizzes found
Score Distribution
Percent of People with Each Score
Percentile by Number Answered
Your Score History
You have not taken this quiz